000 00689nam a2200193Ia 4500
003 GCL
008 140319s9999 xx 000 0 ara d
040 _aGCL /
_cGCL
082 0 4 _a190
_bع م
100 1 _aعبدالرازق الدواى
245 1 0 _aموت الانسان فى الخطاب الفلسفى المعاصر هيدجر, ليفى ستروس , ميشيل فوكو /
_cعبدالرازق الدواى
300 _a207 ص
490 _aالهيئة العامة للاستعلامات
_v0
650 0 4 _aالفلسفة
650 0 4 _aالفلسفة الحديثة
650 0 4 _aالفلسفة الاوربية
650 0 4 _aالفلسفة الغربية
942 _2ddc
_cBK
999 _c47956
_d47956